000 01481nac a22003617a 4500
001 BR8100014
003 BR-BrBNA
005 20240105114850.0
008 230509b bl.|||m| |||| 00| 0 por d
040 _aBR-BrBNA
_bpor
_cBiblioteca Nacional de Agricultura
072 _aH10
090 _a1840 BR8100014
100 1 _aCruz, C. de A. da
100 1 _aOliveira, A.M. de
100 1 _aGoncalves, C.R.
110 1 _aEmpresa de Pesquisa Agropecuaria do Estado do Rio de Janeiro, Niteroi (Brasil)
245 1 _aOcorrencia do predador Curinus coeruleus Muls. em colonias de afideos em culturas olericolas no estado do Rio de Janeiro [Quiabo; Hibiscus esculentus; Pimentao; Capsicum annum; Inseto; Inseticida sistemico; Joaninha; Brasil]
246 1 _a[Occurrence of predator Curinus coeruleus Muls. in aphid colonies in olericulture in Rio de Janeiro [Okra; Hibiscus esculentus; Guinea pepper; Capsicum annum; Insect; Systemic insecticide; Lady bug; Brazil]]
260 3 _aNiteroi, RJ (Brasil):
_cAug 1980.
300 _a2 p.
490 _aPesquisa em Andamento - Empresa de Pesquisa Agropecuaria do Estado do Rio de Janeiro (Brazil)
_vno. 3
_x
650 _aPraga de planta
650 _aQuiabo
650 _aPimentao
650 _aInseto
650 _aInseticida sistemico
650 _aJoaninha
650 _aAfidio
650 _aControle quimico
650 _aRio de Janeiro
909 _a202312
_bLúcia Elande
_c55
_dLúcia Elande
942 _2AGRIS
_n0
_cMS
999 _c271750
_d271750